Zwycięzcy Złotej Piłki 1956-2024 - Statystyki

Ogólne statystyki
  • Ten quiz został rozwiązany 129 razy
    128 od ostatniego zresetowania
  • Średni wynik to 15 z 43
Statystyki odpowiedzi
Złote piłki Zawodnik % Poprawnych
8 Messi
99%
1 Yashin
95%
5 Ronaldo
94%
1 Modrić
79%
1 Benzema
76%
1 Ronaldinho
74%
1 Rodri
71%
1 Kaka
64%
1 Zidane
55%
1 Cannavaro
52%
3 Van Basten
48%
2 Beckenbauer
46%
3 Cruyff
46%
1 Shevchenko
46%
2 Nazario
43%
3 Platini
43%
1 Rivaldo
43%
1 Muller
39%
2 Di Stefano
37%
1 Nedved
37%
1 Figo
34%
1 Gullit
33%
1 Owen
33%
1 Best
21%
1 Suarez
21%
1 Baggio
18%
1 Charlton
18%
1 Weah
16%
1 Sammer
15%
1 Matthews
14%
1 Kopa
13%
1 Papin
13%
2 Rummenigge
11%
1 Rossi
10%
1 Stoichkov
10%
2 Keegan
8%
1 Błochin
7%
1 Masopust
7%
1 Sivori
7%
1 Law
5%
1 Rivera
5%
1 Simonsen
3%
1 Belanov
0%
Nie znaleziono quizów pasujących do podanych kryteriów
Rozkład punktacji
Procent ludzi z każdym wynikiem
Percentyl według liczby udzielonych odpowiedzi
Twoja historia wyników
Nie rozwiązałeś tego quizu od ostatniego zresetowania